Kinh tế xây dựng trong cơ chế thị trường

Shranjeno v:
Bibliografske podrobnosti
Glavni avtor: Bùi Mạnh Hùng
Drugi avtorji: Trần Hồng Mai.
Format: Knjiga
Jezik:Vietnamese
Izdano: Xây dựng 2003
Oznake: Označite
Brez oznak, prvi označite!
Thư viện lưu trữ: Mạng thư viện Đại học Đà Nẵng
LEADER 00704nam a2200265 4500
001 000020443
003 16889
005 20150318100342.0
008 150318s2003 viesd
020 |c 54000 
041 0 |a vie 
082 1 4 |a 338.4762409597  |b BU-H 
100 1 |a Bùi Mạnh Hùng 
245 1 0 |a Kinh tế xây dựng trong cơ chế thị trường  |c Bùi Mạnh Hùng, Trần Hồng Mai. 
260 |b Xây dựng  |c 2003 
300 |a tr.  |c cm. 
700 1 |a Trần Hồng Mai. 
OWN |a LSP 
999 |a From the UDN01 
TYP |a Monograph 
TYP |a Printed language 
980 |a Mạng thư viện Đại học Đà Nẵng